000 00564nam a22002177a 4500
999 _c6819
_d6819
001 6819
003 BD-JhCC
005 20220817134023.0
008 180130b xxu||||| |||| 00| 0 eng d
035 _a(BD-JhCC)6819
040 _aBD-JhCC
_dBD-JhCC
041 _aeng
082 _a512.13
_bSWO 1981
100 _aSwokowski, Earl W.
245 _aFundamentals of Algebra and Trigonometry /
_cEarl W. Swokowski
260 _aBoston :
_bWeber & schmidt,
_c1981.
300 _a523 p. :
_bills;
_c26 cm.
650 _aAlgebra
942 _2ddc
_cBK
_04